Sports Quiz

Random Sports or MLB Quiz

MLB: Top First Basemen of the 1930s Quiz Stats

Quiz not verified by Sporcle

Challenge
Share
Tweet
Embed
Score 0/17 Timer 06:00
0 Plays Today
WAR (Years) Name % Correct
73.1Lou Gehrig
100%
72.7Jimmie Foxx
98.1%
37.2Hank Greenberg
95%
26.2 (1936-1939)Johnny Mize
83%
36.3 (1930-1936)Bill Terry
81.8%
23.9 (1933-1939)Hal Trosky
61.6%
23.7 (1931-1938)Ripper Collins
41.5%
24.4 (1933-1939)Dolph Camilli
40.3%
8.5 (1934-1939)Frank McCormick
35.2%
WAR (Years) Name % Correct
7.4 (1930-1936)Charlie Grimm
28.9%
23.1Gus Suhr
20.1%
22.3 (1934-1939)Zeke Bonura
19.5%
10.5 (1930-1933)Dale Alexander
18.9%
7.9 (1930-1934)Don Hurst
15.1%
12.1 (1930-1934)Ed Morgan
10.1%
10.5 (1931-1938)Buck Jordan
5%
13.3Sam Leslie
3.8%

You're not logged in!

Compare scores with friends on all Sporcle quizzes.
Join for Free
OR
Log In

You Might Also Like...

Show Comments

Extras

Top Quizzes Today


Score Distribution

Your Account Isn't Verified!

In order to create a playlist on Sporcle, you need to verify the email address you used during registration. Go to your Sporcle Settings to finish the process.

Report this User

Report this user for behavior that violates our Community Guidelines.

Details: